000 00343nam a2200133Ia 4500
008 240624s9999 xx 000 0 und d
041 _aeng
082 _a530.11 FER
100 _aFERREIRA PEDRO G
245 _aPERFECT THEORY A CENTURY OF GENIUSES AND
260 _c2014
_aLondon
_bLittle Brown
300 _a288 : p. : cm. ; 24
365 _cRS
999 _c25843
_d25843